000 00363nam a2200133Ia 4500
008 240624s9999 xx 000 0 und d
041 _aeng
082 _a332.64 BOU
100 _aBOUZOUBAA MOHAMED
245 _aEXOTIC OPTIONS AND HYBRIDS A GUIDE TO ST
260 _c2010
_aNew Jersey
_bJohn Wiley and Sons
300 _axx, : 372 : p. : cm. ; 24
365 _c
_b27
999 _c16845
_d16845